[Event "Haid op 6th"]
[Site "Haid"]
[Date "2018.09.01"]
[Round "6"]
[White "Luger, Andreas"]
[Black "Boksinski, Jordan"]
[Result "0-1"]
[WhiteElo "1859"]
[BlackElo "2059"]
[PlyCount "54"]
[EventDate "2018.08.27"]
[EventType "swiss"]
[EventRounds "7"]
[EventCountry "AUT"]
[SourceTitle "CBM 186 Extra"]
[Source "ChessBase"]
[SourceDate "2018.08.24"]
[SourceVersion "1"]
[SourceVersionDate "2018.08.24"]
[SourceQuality "1"]

1. e4 e6 2. d3 d5 3. Nd2 Nf6 4. Ngf3 c5 5. c3 Nc6 6. g3 b6 7. Bg2 Bd6 8. Qc2 0-0 9. 0-0 Qc7 10. Re1 Ba6 11. Nf1 Rac8 12. Bg5 Nd7 13. exd5 exd5 14. Ne3 d4 15. Nd5 Qb8 16. Bh3 Nce5 17. Nxe5 Nxe5 18. Rxe5 Bxe5 19. Bxc8 Bxc8 20. Ne7+ Kh8 21. Nc6 Qd6 22. Nxe5 Qxe5 23. Bf4 Qd5 24. c4 Qc6 25. Rf1 Bh3 26. f3 Bxf1 27. Kxf1 Qxf3+ 0-1

[Event "Haid op 6th"]
[Site "Haid"]
[Date "2018.08.28"]
[Round "2"]
[White "Ploss, Johannes"]
[Black "Boksinski, Jordan"]
[Result "0-1"]
[WhiteElo "1859"]
[BlackElo "2059"]
[PlyCount "94"]
[EventDate "2018.08.27"]
[EventType "swiss"]
[EventRounds "7"]
[EventCountry "AUT"]
[SourceTitle "CBM 186 Extra"]
[Source "ChessBase"]
[SourceDate "2018.08.24"]
[SourceVersion "1"]
[SourceVersionDate "2018.08.24"]
[SourceQuality "1"]

1. Nf3 e6 2. g3 d5 3. Bg2 Nf6 4. b3 c5 5. Bb2 Nc6 6. 0-0 Bd6 7. d3 0-0 8. e3 e5 9. h3 h6 10. Qe2 Be6 11. e4 d4 12. a4 Qd7 13. Kh2 g5 14. Ng1 a6 15. Na3 Bc7 16. Rad1 Ne7 17. Bc1 Ng6 18. Bd2 b5 19. a5 Bd6 20. Ra1 Qe7 21. Bc1 Qc7 22. Bd2 Rfe8 23. Qe1 Kh7 24. Kh1 Re7 25. Ne2 Qd7 26. Kh2 Qc7 27. Qd1 Rg8 28. Kh1 Qa7 29. Kh2 Rc7 30. Qe1 Rcc8 31. f3 Qe7 32. Bc1 c4 33. bxc4 bxc4 34. Nxc4 Bxc4 35. dxc4 Rxc4 36. Kh1 Rxc2 37. f4 exf4 38. Nxd4 Bb4 39. Qd1 Rxg2 40. Kxg2 Qxe4+ 41. Nf3 fxg3 42. Kxg3 Nh5+ 43. Kh2 Nhf4 44. Bb2 Rd8 45. Bd4 Bd6 46. Re1 Ne2+ 47. Kg2 Nh4+ 0-1

[Event "Hoersching op 5th"]
[Site "Hoersching"]
[Date "2017.09.03"]
[Round "7"]
[White "Boksinski, Jordan"]
[Black "Hoebarth, Guenter"]
[Result "1-0"]
[WhiteElo "2049"]
[BlackElo "1967"]
[PlyCount "61"]
[EventDate "2017.08.28"]
[EventType "swiss"]
[EventRounds "7"]
[EventCountry "AUT"]
[SourceTitle "CBM 180 Extra"]
[Source "ChessBase"]
[SourceDate "2017.10.06"]
[SourceVersion "1"]
[SourceVersionDate "2017.10.06"]
[SourceQuality "1"]

1. d4 d5 2. c4 e5 3. e3 Bb4+ 4. Nc3 exd4 5. exd4 Qe7+ 6. Be2 Bg4 7. Be3 Bxc3+ 8. bxc3 Bxe2 9. Nxe2 Nf6 10. Qb3 c6 11. c5 0-0 12. 0-0 Ng4 13. Kh1 Nxe3 14. fxe3 b5 15. Ng3 g6 16. e4 dxe4 17. Rae1 Qe6 18. Qxe6 fxe6 19. Rxf8+ Kxf8 20. Nxe4 Nd7 21. Ng5 h6 22. Nxe6+ Kf7 23. Nf4 Nf6 24. Nd3 Nd5 25. Ne5+ Kf6 26. Rf1+ Kg5 27. Rf3 Ne7 28. h3 Nf5 29. g4 Ne7 30. Rf7 Re8 31. Nf3# 1-0

[Event "Hoersching op 5th"]
[Site "Hoersching"]
[Date "2017.09.01"]
[Round "5"]
[White "Boksinski, Jordan"]
[Black "Bauer, Sebastian"]
[Result "1/2-1/2"]
[WhiteElo "2049"]
[BlackElo "1846"]
[PlyCount "40"]
[EventDate "2017.08.28"]
[EventType "swiss"]
[EventRounds "7"]
[EventCountry "AUT"]
[SourceTitle "CBM 180 Extra"]
[Source "ChessBase"]
[SourceDate "2017.10.06"]
[SourceVersion "1"]
[SourceVersionDate "2017.10.06"]
[SourceQuality "1"]

1. d4 d5 2. g3 Nf6 3. Bg2 e6 4. Nh3 Nbd7 5. 0-0 Be7 6. c3 0-0 7. f3 c5 8. Nf2 e5 9. dxe5 Nxe5 10. e4 dxe4 11. f4 Nd3 12. Nxe4 Nxc1 13. Qxc1 Qc7 14. c4 Bd7 15. Nbc3 Bc6 16. Qc2 Rad8 17. Rad1 h6 18. Nxf6+ Bxf6 19. Nd5 Bxd5 20. Bxd5 Bd4+ 1/2-1/2

[Event "Oberoesterreich-ch op"]
[Site "Traun"]
[Date "2017.04.12"]
[Round "6"]
[White "Dumancic, Pero"]
[Black "Boksinski, Jordan"]
[Result "1-0"]
[WhiteElo "2054"]
[BlackElo "2038"]
[PlyCount "151"]
[EventDate "2017.04.07"]
[EventType "swiss"]
[EventRounds "9"]
[EventCountry "AUT"]
[SourceTitle "EXT 2024"]
[Source "ChessBase"]
[SourceDate "2023.10.10"]
[SourceVersion "1"]
[SourceVersionDate "2023.10.10"]
[SourceQuality "1"]

1. Nf3 f5 2. g3 Nf6 3. Bg2 g6 4. b3 Bg7 5. Bb2 0-0 6. 0-0 d6 7. d4 Qe8 8. a4 Nbd7 9. e3 c6 10. a5 Ne4 11. Nbd2 d5 12. Ne5 Nxe5 13. dxe5 Bd7 14. f3 Ng5 15. f4 Ne4 16. Ba3 Qd8 17. Nxe4 fxe4 18. Bc5 Re8 19. Qd4 a6 20. h3 e6 21. Rfd1 Bf8 22. Bxf8 Rxf8 23. Bxe4 c5 24. Qd2 Bb5 25. Bg2 Qc7 26. Bf1 Rfd8 27. c3 Qc6 28. Qc2 Bxf1 29. Rxf1 Rac8 30. Rfd1 Qb5 31. c4 Qd7 32. Rd2 Qc7 33. Rad1 d4 34. exd4 cxd4 35. Rxd4 Qxa5 36. Qd2 Qb6 37. Qe3 Rxd4 38. Rxd4 Kf8 39. Kf2 Qc6 40. Kg1 Qb6 41. g4 Rc6 42. Kh2 a5 43. Qd2 Rc8 44. Rd7 Kg8 45. Rd3 Kf8 46. Kg3 Re8 47. Qe3 Qxe3+ 48. Rxe3 Rd8 49. Rc3 Ke7 50. Kf3 Rd1 51. Ke4 Re1+ 52. Re3 Rd1 53. Rd3 Rf1 54. Rd6 Rb1 55. Rb6 a4 56. Rxb7+ Kd8 57. Rxh7 axb3 58. Kd3 Rc1 59. Rb7 Rd1+ 60. Kc3 Rc1+ 61. Kd4 Rb1 62. Kc5 b2 63. h4 Kc8 64. Kc6 Rc1 65. Rxb2 Rxc4+ 66. Kd6 Rxf4 67. Rg2 Kd8 68. Kxe6 Rf3 69. Ra2 Rf4 70. Rg2 Rf3 71. Ra2 Rf4 72. g5 Rf3 73. Ra8+ Kc7 74. Rg8 Rf4 75. Kd5 Rxh4 76. Rxg6 1-0

[Event "Oberoesterreich-ch op"]
[Site "Traun"]
[Date "2017.04.10"]
[Round "4"]
[White "Boksinski, Jordan"]
[Black "Freimueller, Peter"]
[Result "1/2-1/2"]
[WhiteElo "2038"]
[BlackElo "2038"]
[PlyCount "80"]
[EventDate "2017.04.07"]
[EventType "swiss"]
[EventRounds "9"]
[EventCountry "AUT"]
[SourceTitle "EXT 2024"]
[Source "ChessBase"]
[SourceDate "2023.10.10"]
[SourceVersion "1"]
[SourceVersionDate "2023.10.10"]
[SourceQuality "1"]

1. d4 Nf6 2. c4 e6 3. Nc3 d5 4. cxd5 exd5 5. Bg5 Be7 6. e3 Nbd7 7. Nf3 0-0 8. Bd3 Re8 9. 0-0 c6 10. Qc2 Nf8 11. h3 Ne4 12. Bf4 Nxc3 13. bxc3 Bd6 14. Bxd6 Qxd6 15. Rab1 Qf6 16. Ne5 b6 17. c4 Bb7 18. cxd5 cxd5 19. Rb3 Rec8 20. Qb1 Rc7 21. a4 Qe7 22. Nf3 g6 23. a5 bxa5 24. Qa1 Bc8 25. Qxa5 Be6 26. Ba6 Rd8 27. Ne5 Qd6 28. Rfb1 Nd7 29. Rb7 Nb6 30. Rxc7 Qxc7 31. Nd3 Rd7 32. Nc5 Re7 33. Bd3 Qd6 34. Qa6 Qc7 35. Bf1 Bc8 36. Qa2 Be6 37. Qb3 Qc6 38. Rc1 Rc7 39. Qb5 Bd7 40. Qa6 Bc8 1/2-1/2

[Event "Oberoesterreich-ch op"]
[Site "Traun"]
[Date "2017.04.08"]
[Round "2"]
[White "Boksinski, Jordan"]
[Black "Seebacher, Gottfried"]
[Result "1-0"]
[WhiteElo "2038"]
[BlackElo "1816"]
[PlyCount "41"]
[EventDate "2017.04.07"]
[EventType "swiss"]
[EventRounds "9"]
[EventCountry "AUT"]
[SourceTitle "EXT 2024"]
[Source "ChessBase"]
[SourceDate "2023.10.10"]
[SourceVersion "1"]
[SourceVersionDate "2023.10.10"]
[SourceQuality "1"]

1. d4 Nf6 2. c4 b6 3. Nc3 Bb7 4. f3 e6 5. e4 d5 6. cxd5 exd5 7. e5 Nfd7 8. f4 c5 9. Nf3 Be7 10. dxc5 Bxc5 11. Bd3 a6 12. h4 b5 13. Rh3 Qb6 14. Kf1 Nf8 15. Bd2 Nbd7 16. b4 Be3 17. a4 Ne6 18. Ng5 Bxd2 19. Qxd2 Qd4 20. Nxe6 fxe6 21. Bg6+ 1-0

[Event "Hoersching op 4th"]
[Site "Hoersching"]
[Date "2016.09.03"]
[Round "6"]
[White "Dumancic, Pero"]
[Black "Boksinski, Jordan"]
[Result "1-0"]
[WhiteElo "2062"]
[BlackElo "2048"]
[PlyCount "75"]
[EventDate "2016.08.29"]
[EventType "swiss"]
[EventRounds "7"]
[EventCountry "AUT"]
[SourceTitle "CBM 174 Extra"]
[Source "ChessBase"]
[SourceDate "2016.10.10"]
[SourceVersion "1"]
[SourceVersionDate "2016.10.10"]
[SourceQuality "1"]

1. Nf3 f5 2. Nc3 Nf6 3. d4 d5 4. e3 e6 5. a3 Bd6 6. Nb5 Be7 7. c4 c6 8. Nc3 0-0 9. c5 Ne4 10. Qc2 Nd7 11. g3 Qc7 12. Bh3 Rf6 13. Rb1 Rh6 14. Bg2 b6 15. b4 bxc5 16. dxc5 e5 17. Bb2 Ba6 18. Rd1 Rb8 19. Nd2 Nxc3 20. Bxc3 f4 21. Nb3 Re8 22. Na5 d4 23. Bd2 fxe3 24. fxe3 e4 25. exd4 e3 26. Bc1 Kh8 27. Rd3 Bxd3 28. Qxd3 Rxh2 29. Rxh2 Qxg3+ 30. Kd1 Qxh2 31. Bxc6 e2+ 32. Qxe2 Qxe2+ 33. Kxe2 Bg5+ 34. Kd3 Bxc1 35. Bxd7 Rd8 36. c6 Bf4 37. Nb7 Bc7 38. d5 1-0

[Event "Bad Harzburg op"]
[Site "Bad Harzburg"]
[Date "2007.10.24"]
[Round "2"]
[White "Boksinski, Jordan"]
[Black "Gutman, Lev"]
[Result "0-1"]
[WhiteElo "2064"]
[BlackElo "2424"]
[PlyCount "91"]
[EventDate "2007.10.23"]
[EventType "swiss"]
[EventRounds "7"]
[EventCountry "GER"]
[SourceTitle "EXT 2009"]
[Source "ChessBase"]
[SourceDate "2008.11.26"]
[SourceVersion "1"]
[SourceVersionDate "2008.11.26"]
[SourceQuality "1"]

1. d4 Nf6 2. c4 g6 3. Nc3 d5 4. cxd5 Nxd5 5. e4 Nxc3 6. bxc3 Bg7 7. Bc4 c5 8. Ne2 0-0 9. 0-0 Nc6 10. Be3 Bd7 11. Rb1 cxd4 12. cxd4 Rc8 13. Bd3 Na5 14. d5 b6 15. Ba6 Ra8 16. Bd4 e5 17. Be3 Rb8 18. Qd3 Nb7 19. Qa3 Re8 20. Bd3 Ra8 21. Nc3 Bf8 22. Qb2 Nc5 23. Bb5 Rc8 24. f3 a6 25. Bxd7 Nxd7 26. a4 Bc5 27. Nd1 Qc7 28. Qd2 Ra8 29. Nb2 b5 30. Rfc1 Bxe3+ 31. Qxe3 Qa5 32. Rc6 Rab8 33. Qa7 bxa4 34. Qxa6 Qxa6 35. Rxa6 Nc5 36. Ra5 Nb3 37. Rxa4 Nd2 38. Rc1 Rxb2 39. Ra7 Rbb8 40. Rcc7 Rf8 41. Ra2 Nb3 42. Re7 Nc5 43. Kf2 Kg7 44. Rc7 Nd3+ 45. Kg3 Nf4 46. Kg4 0-1

[Event "Bad Zwesten op 10th"]
[Site "Bad Zwesten"]
[Date "2006.01.07"]
[Round "8"]
[White "Struk, Jerzy"]
[Black "Boksinski, Jordan"]
[Result "1-0"]
[WhiteElo "2254"]
[BlackElo "2032"]
[PlyCount "56"]
[EventDate "2006.01.02"]
[EventType "swiss"]
[EventRounds "9"]
[EventCountry "GER"]
[SourceTitle "CBM 110 Extra"]
[Source "ChessBase"]
[SourceDate "2006.03.10"]
[SourceVersion "2"]
[SourceVersionDate "2006.03.10"]
[SourceQuality "1"]

1. e4 c5 2. Nf3 Nc6 3. c3 Nf6 4. e5 Nd5 5. d4 cxd4 6. cxd4 d6 7. exd6 Bg4 8. Be2 e6 9. d7+ Qxd7 10. 0-0 Be7 11. Nc3 Qd6 12. Ne4 Qb4 13. a3 Qb6 14. Nc3 0-0 15. h3 Bh5 16. Na4 Qc7 17. g3 Rad8 18. Nc3 Bf6 19. Nxd5 Rxd5 20. Be3 Rfd8 21. Qa4 Qd7 22. Qb3 Bxd4 23. Bxd4 Bxf3 24. Bxf3 Nxd4 25. Qd3 Qb5 26. Qe3 Nc2 27. Qxa7 Rf5 28. Rad1 Rxd1 1-0

[Event "Bad Zwesten op 10th"]
[Site "Bad Zwesten"]
[Date "2006.01.03"]
[Round "3"]
[White "Boksinski, Jordan"]
[Black "Pfaff, Volker"]
[Result "1-0"]
[WhiteElo "2032"]
[BlackElo "2001"]
[PlyCount "125"]
[EventDate "2006.01.02"]
[EventType "swiss"]
[EventRounds "9"]
[EventCountry "GER"]
[SourceTitle "CBM 110 Extra"]
[Source "ChessBase"]
[SourceDate "2006.03.10"]
[SourceVersion "2"]
[SourceVersionDate "2006.03.10"]
[SourceQuality "1"]

1. d4 Nf6 2. c4 g6 3. Nc3 Bg7 4. e4 d6 5. h3 0-0 6. Bg5 Nbd7 7. Nf3 c6 8. Nd2 Qa5 9. Be3 e5 10. d5 c5 11. Bd3 a6 12. 0-0 Nh5 13. g3 Qd8 14. Kh2 Qe8 15. Be2 Ndf6 16. Kg2 Rb8 17. a4 b6 18. Rb1 Bd7 19. b4 Qc8 20. Rh1 Qc7 21. Nf3 h6 22. Qd2 Kh7 23. Ne1 Rbe8 24. Nd3 Bc8 25. Qc2 Qe7 26. bxc5 bxc5 27. Bf3 Bd7 28. Rb6 Bc8 29. Rhb1 Nd7 30. R6b3 Nhf6 31. Qd2 Ng8 32. g4 Qh4 33. Kh2 Kh8 34. Rg1 Bf6 35. g5 Bxg5 36. Bxg5 hxg5 37. Qxg5 Qxg5 38. Rxg5 Ngf6 39. a5 Rd8 40. Na4 Kg7 41. Rg1 Kh6 42. Nb6 Bb7 43. Rgb1 Bc8 44. R1b2 Rfe8 45. Bg2 g5 46. Bf3 Kg7 47. Nc1 Rh8 48. Nxc8 Rxc8 49. Kg3 Rb8 50. Ne2 Rxb3 51. Rxb3 Rb8 52. Rxb8 Nxb8 53. Kh2 Kf8 54. Ng3 Ke7 55. Nf5+ Kd7 56. Kg3 Ne8 57. Bh5 Nf6 58. Bf3 Ne8 59. Kg4 f6 60. Kh5 Kd8 61. Kg6 Nd7 62. Kf7 Nb8 63. Bd1 1-0

[Event "Wroclaw Polonia op-A"]
[Site "Wroclaw"]
[Date "2005.07.01"]
[Round "7"]
[White "Andrzejewska, Anna"]
[Black "Boksinski, Jordan"]
[Result "1-0"]
[WhiteElo "1991"]
[BlackElo "2051"]
[PlyCount "141"]
[EventDate "2005.06.??"]
[EventType "swiss"]
[EventRounds "9"]
[EventCountry "POL"]
[SourceTitle "EXT 2006"]
[Source "ChessBase"]
[SourceDate "2005.11.24"]
[SourceVersion "1"]
[SourceVersionDate "2005.11.24"]
[SourceQuality "1"]

1. e4 c5 2. Nf3 e6 3. Nc3 Nc6 4. d4 cxd4 5. Nxd4 Bc5 6. Nb3 Be7 7. Bd3 Nf6 8. 0-0 d5 9. exd5 Nxd5 10. Nxd5 Qxd5 11. Qe2 Qe5 12. Qf3 Bd7 13. c3 0-0 14. Bf4 Qf6 15. Qe4 g6 16. Bg3 Qg7 17. Qe3 b6 18. a4 Rfd8 19. a5 Nxa5 20. Nxa5 Bc5 21. Qe2 bxa5 22. Rxa5 Bb6 23. Ra3 Bc6 24. Rfa1 Qh6 25. b4 Qg5 26. c4 Bd4 27. Rb1 Rab8 28. b5 e5 29. Re1 Ba8 30. Kh1 f5 31. f3 Qe7 32. Ra6 f4 33. Bxf4 Qf8 34. Bg3 Bb7 35. Ra4 Bc3 36. Rc1 Bb2 37. Rb1 Bd4 38. Bc2 Bc3 39. Be1 Bd4 40. Bb4 Qf4 41. Bd2 Qf6 42. Be3 Qb6 43. Bg5 Re8 44. Be4 Rbc8 45. Bxb7 Qxb7 46. Qa2 Bc5 47. Re1 e4 48. f4 Qg7 49. Qc2 Qd4 50. Qe2 Rc7 51. Ra6 Bb6 52. Ra4 Rec8 53. Qxe4 Qxe4 54. Rxe4 Rd7 55. Re1 Kf7 56. g3 h6 57. Bh4 Rd4 58. Re7+ Kf8 59. Re6 Kf7 60. Re7+ Kf8 61. Bf6 Rd6 62. Rh7 Re8 63. Be5 Rd1+ 64. Kg2 h5 65. Ra2 Rg1+ 66. Kh3 Rd1 67. Rc2 Bc5 68. Rb7 Rc8 69. Bb8 Rd4 70. Bxa7 Bxa7 71. Rxa7 1-0

[Event "Wroclaw Polonia op-A"]
[Site "Wroclaw"]
[Date "2005.07.01"]
[Round "8"]
[White "Boksinski, Jordan"]
[Black "Iwanow, Anna"]
[Result "1-0"]
[WhiteElo "2051"]
[BlackElo "1854"]
[PlyCount "51"]
[EventDate "2005.06.??"]
[EventType "swiss"]
[EventRounds "9"]
[EventCountry "POL"]
[SourceTitle "EXT 2006"]
[Source "ChessBase"]
[SourceDate "2005.11.24"]
[SourceVersion "1"]
[SourceVersionDate "2005.11.24"]
[SourceQuality "1"]

1. d4 Nf6 2. c4 g6 3. Nc3 Bg7 4. e4 d6 5. h3 0-0 6. Bg5 h6 7. Be3 Nbd7 8. Nf3 e5 9. d5 Qe7 10. Bd3 Ne8 11. Qd2 Kh7 12. g4 Nc5 13. Bc2 a5 14. 0-0-0 c6 15. g5 h5 16. Bxc5 dxc5 17. d6 Qd7 18. Na4 Qe6 19. Nb6 Rb8 20. d7 Bxd7 21. Nxd7 Ra8 22. Nxf8+ Bxf8 23. Qd7 Qxc4 24. Qxb7 Ra6 25. Nxe5 Qe2 26. Qxf7+ 1-0